| 000 | 00786nam a2200217Ii 4500 | ||
|---|---|---|---|
| 003 | JO-AjNU | ||
| 008 | 230605s9999||||xx |||||||||||||| ||und|| | ||
| 017 | _a1990/2/109 | ||
| 040 |
_aJO-AjNU _bara _erda _cJO-AjNU |
||
| 041 | _aara | ||
| 050 | 1 | 4 | _aQR41.2.M3798 2009 |
| 100 | 3 |
_aتاليف المشني، يوسف, _eauthor _964397 |
|
| 245 | 0 | 0 | _aمبادئ علم الاحياء الدقيقة، ج1 |
| 250 | _aط4 مزيدة ومنقحة | ||
| 264 | 3 | 1 | _aعمان: المكتب الاسلامي, دار القطوف، 2009 |
| 300 |
_aج1: 250ص _bيحتوي على صور توضيحية |
||
| 336 |
_atext _btxt _2rdacontent |
||
| 337 |
_aunmediated _bn _2rdamedia |
||
| 338 |
_avolume _bnc _2rdacarrier |
||
| 650 | 4 |
_aالزراعة- علم الاحياء الدقيقة _964398 |
|
| 999 |
_aA29264 _c32832 _d32832 |
||